Online
Catalog

Harte of the west / (Record no. 35798)

MARC details
000 -CABECERA
campo de control de longitud fija 00476nam a2200157 a 4500
001 - NÚMERO DE CONTROL
campo de control 000036307
005 - FECHA Y HORA DE LA ÚLTIMA TRANSACCIÓN
campo de control 20200930075647.0
008 - DATOS DE LONGITUD FIJA--INFORMACIÓN GENERAL
campo de control de longitud fija 120112s1966 xxu 000 0 eng d
040 ## - FUENTE DE LA CATALOGACIÓN
Centro catalogador/agencia de origen DO-SdBNP
Lengua de catalogación spa
Centro/agencia transcriptor BNPHU
082 ## - NÚMERO DE LA CLASIFICACIÓN DECIMAL DEWEY
Número de clasificación xxx
Número de documento/Ítem H327h
100 1# - ENTRADA PRINCIPAL--NOMBRE DE PERSONA
Nombre de persona Harte, Bret,
Fechas asociadas al nombre 1836-1902.
9 (RLIN) 62453
245 10 - MENCIÓN DE TÍTULO
Título Harte of the west /
Mención de responsabilidad, etc. Bret Harte; editado por Ned E. Hoopes.
260 ## - PUBLICACIÓN, DISTRIBUCIÓN, ETC.
Lugar de publicación, distribución, etc. New York :
Nombre del editor, distribuidor, etc. Dell Publishing,
Fecha de publicación, distribución, etc. 1966.
300 ## - DESCRIPCIÓN FÍSICA
Extensión 252 p. ;
Dimensiones 18 cm.
700 1# - PUNTO DE ACCESO ADICIONAL--NOMBRE DE PERSONA
Nombre de persona Hoopes, Ned E.,
Fechas asociadas al nombre ed.
9 (RLIN) 62454
Holdings
Estado de retiro Estado de pérdida Restricciones de uso No para préstamo Código de colección Localización permanente Ubicación/localización actual Ubicación en estantería Fecha de adquisición Número de inventario Total de préstamos Signatura topográfica completa Código de barras Fecha visto por última vez Precio válido a partir de Tipo de ítem Koha
        Monografías: Libros y Folletos General General Depósito 12.01.2012 LF1   xxx H327h 36308-10 25.06.2020 25.06.2020 Préstamo en sala

Powered by Koha